General Knowledge #11 - Statistics

General Stats
  • This quiz has been taken 49 times
  • The average score is 13 of 20
Answer Stats
Questions Answer % Correct
Which desert is the largest in the world? Sahara
98%
Name the tallest mountain in the world. Everest
96%
Botany is the study of what? Plants
96%
Who painted the Mona Lisa? Leonardo da Vinci
91%
What is the Islamic name for god? Allah
89%
The headquarters of the European Union is in which city? Brussels
85%
The invasion of which country sparked World War Two? Poland
85%
The United States purchased Alaska from which country? Russia
83%
Name Australia's island state. Tasmania
83%
This is another term for murder. Homicide
63%
What country was formerly known as Abyssinia? Ethiopia
59%
Calcutta is the former name of which city? Kolkata
59%
What does WHO stand for World Health Organization
59%
Hg is the chemical symbol of which element? Mercury
52%
In which year did the Tienanmen Square Massacre occur? 1989
37%
What is the most common surname in Vietnam? Nguyen
37%
Who was the fifth wife of Henry VIII? Katherine Howard
30%
Bishkek is the capital of which country? Kyrgyzstan
28%
What country is known as the Hermit Kingdom? North Korea
28%
Name the first world leader to give birth in office. Benazir Bhutto
7%
No matching quizzes found
Score Distribution
Percent of People with Each Score
Percentile by Number Answered
Your Score History
You have not taken this quiz